000 00520nam a22001817a 4500
003 OSt
005 20260602160012.0
008 260602b |||||||| |||| 00| 0 eng d
020 _a0072918047
040 _cChuka University Library
050 _aQR 41.2 .C6 2006
100 _aCowen Marjorie Kelly
_926893
245 _aMicrobiology
_bA Systems Approach
260 _aBoston Burr Ridge
_bMcGraw Hill
_c2006
300 _aVarious pages
_bColored illustrations
650 _aMicrobiology
_9119
942 _2lcc
_cBK
_n0
999 _c23082
_d23082